Trouve la marque grâce à son premier logo. - Statistiques

Statistiques générales
  • Ce quiz a été pris 25 fois
  • Le résultat moyen est 7 sur 9
Statistiques - réponses
Par images Hint Réponse % Correct
Téléphone Apple
100%
Automobiles Volkswagen
96%
Réseaux Sociaux Instagram
92%
Restauration rapide Burger King
88%
Photo Canon
88%
Gaming Nintendo
88%
Téléphone Samsung
79%
Téléphone Nokia
50%
Automobiles Renault
25%
Aucun quiz correspondant
Distribution des résultats
% des personnes avec chaque résultat
Percentile par nombre de réponses
Votre historique - résultats
Vous n’avez pas pris ce quiz